[Event "4NCL Division 2a"]
[Site "Telford, ENG"]
[Date "2019.02.10"]
[Round "6.45"]
[White "Bak, Andrew"]
[Black "Smith, Andrew Philip"]
[Result "1/2-1/2"]
[WhiteElo "1981"]
[BlackElo "2207"]
[PlyCount "79"]
[EventDate "2019.02.10"]
[WhiteTeam "Bradford DCA Knights A"]
[BlackTeam "Barnet Knights 1"]

1. e4 c5 2. Nf3 Nc6 3. d4 cxd4 4. Nxd4 Nf6 5. Nc3 e5 6. Ndb5 d6 7. Bg5 a6 8.
Na3 b5 9. Bxf6 gxf6 10. Nd5 Bg7 11. c3 Ne7 12. Nc2 O-O 13. Nce3 Nxd5 14. Nxd5
f5 15. exf5 Bxf5 16. Bd3 Be6 17. Bc2 Rc8 18. O-O Rc5 19. Bb3 a5 20. a4 b4 21.
cxb4 axb4 22. Nxb4 Bxb3 23. Qxb3 Qb6 24. a5 Rxa5 25. Rxa5 Qxa5 26. Nd5 Qc5 27.
Rd1 e4 28. Ne7+ Kh8 29. Qd5 Qxd5 30. Rxd5 Bxb2 31. Nf5 Rc8 32. g4 Be5 33. Nxd6
Bxd6 34. Rxd6 Rg8 35. h3 f5 36. Kh2 fxg4 37. Re6 gxh3 38. Rxe4 Rg2+ 39. Kxh3
Rxf2 40. Re7 1/2-1/2

[Event "4NCL Division 2a"]
[Site "Telford, ENG"]
[Date "2019.02.10"]
[Round "6.46"]
[White "Ethelontis, Alexandros N"]
[Black "Ther, Mate"]
[Result "0-1"]
[WhiteElo "2185"]
[BlackElo "2012"]
[PlyCount "91"]
[EventDate "2019.02.10"]
[WhiteTeam "Barnet Knights 1"]
[BlackTeam "Bradford DCA Knights A"]

1. c4 e5 2. g3 f5 3. d4 exd4 4. Qxd4 Nc6 5. Qe3+ Be7 6. Bg2 Nf6 7. Nc3 Nb4 8.
Qd2 c6 9. a3 Na6 10. Nh3 Nc5 11. Qc2 d6 12. Nf4 a5 13. O-O O-O 14. Be3 Ne6 15.
Rad1 Ng4 16. Bc1 Ne5 17. b3 Qe8 18. Na4 g5 19. Nb6 Ra6 20. Nxc8 Qxc8 21. Nxe6
Qxe6 22. f4 gxf4 23. Bxf4 a4 24. e4 axb3 25. Qxb3 fxe4 26. Qxb7 Rxa3 27. Bxe4
Qxc4 28. Bxh7+ Kxh7 29. Qxe7+ Rf7 30. Qh4+ Kg8 31. Qd8+ Kh7 32. Rxd6 Ng6 33.
Qg5 Rg7 34. Qh6+ Kg8 35. Rxg6 Qd4+ 36. Rf2 Ra1+ 37. Kg2 Qe4+ 38. Kh3 Rxg6 39.
Qh4 Qe6+ 40. Kg2 Qd5+ 41. Kh3 Rg1 42. Rd2 Qe6+ 43. g4 R6xg4 44. Rd8+ Kf7 45.
Rf8+ Kxf8 46. Bd6+ 0-1

[Event "4NCL Division 2a"]
[Site "Telford, ENG"]
[Date "2019.02.10"]
[Round "6.47"]
[White "Gardiner, Eric D"]
[Black "Willmoth, Robert F"]
[Result "1/2-1/2"]
[WhiteElo "1949"]
[BlackElo "2192"]
[PlyCount "77"]
[EventDate "2019.02.10"]
[WhiteTeam "Bradford DCA Knights A"]
[BlackTeam "Barnet Knights 1"]

1. d4 d6 2. e4 Nf6 3. Nc3 g6 4. f4 Bg7 5. Nf3 c5 6. dxc5 Qa5 7. Qd4 O-O 8. cxd6
Nxe4 9. Qxe4 Bxc3+ 10. bxc3 Qxc3+ 11. Kf2 Qxa1 12. dxe7 Re8 13. Bc4 Qf6 14. Ba3
Nc6 15. Ng5 Bf5 16. Qd5 Rxe7 17. Bxe7 Nxe7 18. Qxf7+ Qxf7 19. Bxf7+ Kg7 20. Bb3
Rc8 21. Re1 Nc6 22. h3 h6 23. Ne6+ Bxe6 24. Rxe6 Rc7 25. Re4 a5 26. a4 Nb4 27.
Re2 Na6 28. g4 Nc5 29. Kf3 b6 30. h4 Rd7 31. Re8 Nxb3 32. cxb3 Rd3+ 33. Re3 Rd4
34. Re7+ Kf6 35. Re4 Rd3+ 36. Re3 Rd4 37. g5+ hxg5 38. hxg5+ Kf7 39. Re4
1/2-1/2

[Event "4NCL Division 2a"]
[Site "Telford, ENG"]
[Date "2019.02.10"]
[Round "6.48"]
[White "Siva, Michael"]
[Black "Patrick, David A"]
[Result "1/2-1/2"]
[WhiteElo "2205"]
[BlackElo "1879"]
[PlyCount "154"]
[EventDate "2019.02.10"]
[WhiteTeam "Barnet Knights 1"]
[BlackTeam "Bradford DCA Knights A"]

1. d4 d5 2. c4 c6 3. Nf3 Nf6 4. Bf4 Qb6 5. Qc2 g6 6. e3 Bf5 7. Qc1 Nbd7 8. Nbd2
e6 9. c5 Qa5 10. Qc3 Qxc3 11. bxc3 Nh5 12. Bd6 Bxd6 13. cxd6 f6 14. c4 dxc4 15.
e4 c3 16. exf5 cxd2+ 17. Kxd2 gxf5 18. Bc4 Kf7 19. Rhe1 Rhe8 20. Rab1 Rab8 21.
Nh4 Ng7 22. f4 Nb6 23. Bb3 Rbd8 24. a4 Rxd6 25. Kc3 Red8 26. a5 Nc8 27. Nf3 Ne7
28. Bc4 R8d7 29. g3 Nd5+ 30. Kc2 Ne8 31. Re2 Rc7 32. Kb3 b6 33. axb6 axb6 34.
Ra1 Rdd7 35. Ra8 Ra7 36. Ra2 Rxa2 37. Rxa2 Nd6 38. Bd3 Nb7 39. Re2 Na5+ 40. Kb2
Nb4 41. Bb1 c5 42. dxc5 bxc5 43. Ba2 c4 44. Bxc4 Nxc4+ 45. Kc3 Nd5+ 46. Kxc4
Rc7+ 47. Kd4 Nc3 48. Rb2 Ne4 49. Rb3 Rd7+ 50. Ke3 Rc7 51. Nd4 Nc3 52. Kd3 Ne4
53. Ke3 Rc3+ 54. Rxc3 Nxc3 55. Nf3 Ne4 56. Nd4 Nd6 57. Nf3 Kg6 58. Kf2 Nf7 59.
Kg2 Nd6 60. h3 Kf7 61. Kf2 Ke7 62. Ke3 Kd7 63. Kd4 Nf7 64. Nh4 e5+ 65. Ke3 Ke6
66. Nf3 h5 67. h4 Nd6 68. fxe5 fxe5 69. Ng5+ Kd5 70. Nf3 Nc4+ 71. Kf2 e4 72.
Ng5 Ke5 73. Nh3 Kd4 74. Nf4 e3+ 75. Ke2 Nd6 76. Nxh5 Ke4 77. Nf4 Nf7 1/2-1/2

[Event "4NCL Division 2a"]
[Site "Telford, ENG"]
[Date "2019.03.16"]
[Round "7.11"]
[White "Bak, Christopher"]
[Black "Carleton, John J"]
[Result "0-1"]
[WhiteElo "2034"]
[BlackElo "2270"]
[PlyCount "78"]
[EventDate "2019.03.16"]
[WhiteTeam "Bradford DCA Knights A"]
[BlackTeam "Spirit of Atticus A"]

1. e4 c6 2. d4 d5 3. e5 Bf5 4. h4 c5 5. g4 Bd7 6. Be3 cxd4 7. Bxd4 Nc6 8. Nc3
Nh6 9. Be2 e6 10. Qd2 Qa5 11. Nb5 Nb4 12. Nc3 Rc8 13. Nh3 Nc6 14. a3 Nxd4 15.
Qxd4 Bc5 16. Qd1 d4 17. b4 Bxb4 18. axb4 Qxb4 19. Rxa7 Qxc3+ 20. Qd2 O-O 21.
Ng5 Qxc2 22. Rh3 Qb1+ 23. Bd1 Rc1 24. Rd3 Qb6 25. Raa3 Rc4 26. Qf4 Bc6 27. Ne4
Bxe4 28. Qxe4 Rfc8 29. Rdb3 Qc6 30. Qe2 Qh1+ 31. Kd2 Qxh4 32. Rxb7 Qg5+ 33. Ke1
d3 34. Rxd3 Qg6 35. Rdd7 Re4 36. Kf1 Rxe2 37. Bxe2 Qg5 38. Rdc7 Rf8 39. f3 Qxe5
0-1

[Event "4NCL Division 2a"]
[Site "Telford, ENG"]
[Date "2019.03.16"]
[Round "7.12"]
[White "Lund, D Brett"]
[Black "Drabble, Andrew"]
[Result "1/2-1/2"]
[WhiteElo "2258"]
[BlackElo "2085"]
[PlyCount "89"]
[EventDate "2019.03.16"]
[WhiteTeam "Spirit of Atticus A"]
[BlackTeam "Bradford DCA Knights A"]

1. g3 d5 2. Bg2 Nf6 3. Nf3 Bg4 4. d3 Nbd7 5. Nbd2 e5 6. h3 Bh5 7. g4 Bg6 8. Nh4
c6 9. Nxg6 hxg6 10. e3 Bd6 11. Qe2 Qe7 12. b3 O-O-O 13. Bb2 Ne8 14. O-O-O Ba3
15. c4 Nb6 16. cxd5 cxd5 17. Nf3 Nc7 18. Bxa3 Qxa3+ 19. Qb2 Qxb2+ 20. Kxb2 f6
21. Rd2 Kd7 22. d4 e4 23. Ne1 Rhe8 24. Rf1 Ne6 25. f4 Rc8 26. Rff2 Kd6 27. Rc2
Rxc2+ 28. Nxc2 Nd8 29. Na3 a6 30. Nb1 Ne6 31. Nc3 Rc8 32. Bf1 Rh8 33. a4 a5 34.
Rc2 Rc8 35. Rh2 Nc7 36. h4 Rh8 37. Be2 Ke6 38. h5 gxh5 39. gxh5 g6 40. Ka3 gxh5
41. Rxh5 Rxh5 42. Bxh5 Kd6 43. Be2 Nc8 44. b4 axb4+ 45. Kxb4 1/2-1/2

[Event "4NCL Division 2a"]
[Site "Telford, ENG"]
[Date "2019.03.16"]
[Round "7.13"]
[White "Jennings, Roger W"]
[Black "House, Glenn L"]
[Result "0-1"]
[WhiteElo "2012"]
[BlackElo "2219"]
[PlyCount "102"]
[EventDate "2019.03.16"]
[WhiteTeam "Bradford DCA Knights A"]
[BlackTeam "Spirit of Atticus A"]

1. g3 d6 2. Bg2 g6 3. Nf3 Bg7 4. O-O c5 5. d4 cxd4 6. Nxd4 Nf6 7. Nc3 O-O 8.
Bg5 h6 9. Bxf6 Bxf6 10. e3 Bg7 11. Qe2 e6 12. Rfd1 a6 13. Rab1 Qc7 14. Qd3 Rd8
15. Nce2 Nc6 16. Nxc6 bxc6 17. c4 a5 18. Nd4 Bd7 19. Nb3 Be8 20. e4 c5 21. Qc2
Rab8 22. Nd2 Rb6 23. b3 Rdb8 24. Nf3 Bc6 25. Qd3 Qb7 26. Qe3 Bxe4 27. Nh4 Bxg2
28. Nxg2 a4 29. Qf4 axb3 30. axb3 Rxb3 31. Rxb3 Qxb3 32. Qxd6 Bd4 33. Rf1 Ra8
34. Nf4 Qxc4 35. Qc6 Qa4 36. Qb7 Qe8 37. Nd3 c4 38. Qe4 cxd3 39. Qxd4 Rd8 40.
Qe3 Qa4 41. Qf3 e5 42. Qf6 Qd4 43. Rd1 Rd6 44. Qf3 Kg7 45. Rd2 h5 46. h4 e4 47.
Qf4 Rf6 48. Qg5 Rf5 49. Qe7 Qa1+ 50. Kg2 Qe1 51. Qb4 Rxf2+ 0-1

[Event "4NCL Division 2a"]
[Site "Telford, ENG"]
[Date "2019.03.16"]
[Round "7.14"]
[White "Ivell, Nicholas W"]
[Black "Bak, Andrew"]
[Result "1/2-1/2"]
[WhiteElo "2211"]
[BlackElo "1976"]
[PlyCount "115"]
[EventDate "2019.03.16"]
[WhiteTeam "Spirit of Atticus A"]
[BlackTeam "Bradford DCA Knights A"]

1. e4 c6 2. d3 d5 3. Nd2 Nf6 4. Ngf3 Bg4 5. h3 Bxf3 6. Qxf3 Nbd7 7. g3 e5 8.
Bg2 a5 9. O-O a4 10. exd5 Nxd5 11. Re1 Be7 12. Nc4 O-O 13. Nxe5 Nxe5 14. Rxe5
Bf6 15. Re2 a3 16. c4 Nb4 17. bxa3 Qxd3 18. Bb2 Qxf3 19. Bxf3 Bxb2 20. Rxb2
Rxa3 21. Rxb4 Rxf3 22. a4 Ra8 23. Rxb7 Kf8 24. a5 Ra6 25. c5 Ke8 26. Rb6 Ra7
27. Rxc6 Kd7 28. Rb6 Rf5 29. c6+ Kc7 30. Rb7+ Rxb7 31. cxb7 Kxb7 32. g4 Rf6 33.
Kg2 Ka6 34. h4 Rc6 35. Kg3 Rc7 36. Ra3 Rd7 37. f3 Rc7 38. Kf4 Rc4+ 39. Ke5 h5
40. Kf5 Rc5+ 41. Kf4 f6 42. Kg3 Rb5 43. Rd3 Kxa5 44. Rd7 hxg4 45. fxg4 g5 46.
h5 Rb3+ 47. Kf2 Rb4 48. Kf3 Rf4+ 49. Kg3 Rf1 50. Rd5+ Kb6 51. Rf5 Rg1+ 52. Kf3
Kc7 53. h6 Rh1 54. h7 Rxh7 55. Rxf6 Kd7 56. Ke4 Ke7 57. Kf5 Rf7 58. Rxf7+
1/2-1/2

[Event "4NCL Division 2a"]
[Site "Telford, ENG"]
[Date "2019.03.16"]
[Round "7.15"]
[White "Nicholson, Jim W R"]
[Black "Ackley, Peter J E"]
[Result "1/2-1/2"]
[WhiteElo "1976"]
[BlackElo "2016"]
[PlyCount "38"]
[EventDate "2019.03.16"]
[WhiteTeam "Bradford DCA Knights A"]
[BlackTeam "Spirit of Atticus A"]

1. d4 d6 2. Nf3 g6 3. c3 Nf6 4. Bg5 Bg7 5. Nbd2 O-O 6. e4 Nc6 7. Bc4 e5 8. dxe5
Nxe5 9. Nxe5 dxe5 10. Qe2 h6 11. Bh4 Qe8 12. O-O Nh5 13. Rad1 Nf4 14. Qf3 Be6
15. Bg3 Nh5 16. Bh4 Bxc4 17. Nxc4 Qe6 18. b3 Nf4 19. Rd2 g5 1/2-1/2

[Event "4NCL Division 2a"]
[Site "Telford, ENG"]
[Date "2019.03.16"]
[Round "7.16"]
[White "Jackson, Sheila"]
[Black "Ther, Mate"]
[Result "1/2-1/2"]
[WhiteElo "2057"]
[BlackElo "2012"]
[PlyCount "79"]
[EventDate "2019.03.16"]
[WhiteTeam "Spirit of Atticus A"]
[BlackTeam "Bradford DCA Knights A"]

1. e4 e5 2. Nf3 Nc6 3. Bc4 Bc5 4. c3 Nf6 5. d3 O-O 6. b4 Bb6 7. a4 a6 8. Bg5 d6
9. Nbd2 h6 10. Bh4 a5 11. b5 Ne7 12. Bxf6 gxf6 13. Nh4 c6 14. bxc6 bxc6 15. O-O
d5 16. Bb3 Ng6 17. Nf5 Bxf5 18. exf5 Nf4 19. Qf3 Qd7 20. g3 Nh3+ 21. Kg2 Ng5
22. Qg4 h5 23. Qxh5 Qxf5 24. Nf3 Kg7 25. Nxg5 fxg5 26. f4 f6 27. fxe5 Qxe5 28.
Rae1 Qd6 29. d4 Rh8 30. Qg4 Rae8 31. Bc2 Rxe1 32. Rxe1 Bd8 33. Qf5 Rh6 34. Re6
Qd7 35. Rxf6 Qxf5 36. Rxf5 Re6 37. Bd3 Bf6 38. c4 Re3 39. Bf1 Kg6 40. Rf3
1/2-1/2

[Event "4NCL Division 2a"]
[Site "Telford, ENG"]
[Date "2019.03.16"]
[Round "7.17"]
[White "McCarthy, Damian"]
[Black "Latham, David"]
[Result "0-1"]
[WhiteElo "1867"]
[BlackElo "2083"]
[PlyCount "56"]
[EventDate "2019.03.16"]
[WhiteTeam "Bradford DCA Knights A"]
[BlackTeam "Spirit of Atticus A"]

1. e4 c6 2. d4 d5 3. Nd2 dxe4 4. Nxe4 Nd7 5. Bc4 Ndf6 6. Ng5 e6 7. Ne2 Bd6 8.
c3 h6 9. Nf3 Qc7 10. O-O Ne7 11. Bd3 b6 12. c4 c5 13. dxc5 bxc5 14. Nc3 Bd7 15.
Ne4 Nxe4 16. Bxe4 Rd8 17. Qe2 f5 18. Bc2 e5 19. Nd2 O-O 20. b3 e4 21. h3 Be5
22. Rb1 Nc6 23. a3 Nd4 24. Qd1 Bc6 25. b4 Rf6 26. Ba4 Bxa4 27. Qxa4 Ne2+ 28.
Kh1 Nxc1 0-1

[Event "4NCL Division 2a"]
[Site "Telford, ENG"]
[Date "2019.03.16"]
[Round "7.18"]
[White "Phillips, David A"]
[Black "Patrick, David A"]
[Result "1/2-1/2"]
[WhiteElo "2040"]
[BlackElo "1888"]
[PlyCount "46"]
[EventDate "2019.03.16"]
[WhiteTeam "Spirit of Atticus A"]
[BlackTeam "Bradford DCA Knights A"]

1. Nf3 Nf6 2. g3 g6 3. b4 Bg7 4. Bb2 O-O 5. c4 d6 6. Bg2 a5 7. b5 Nbd7 8. O-O
e5 9. d3 Nc5 10. Nc3 Rb8 11. d4 exd4 12. Nxd4 Be6 13. Nxe6 fxe6 14. Qc2 Qe7 15.
Rad1 Rbd8 16. e3 Nfd7 17. Ne4 Nxe4 18. Bxe4 Bxb2 19. Qxb2 Nc5 20. Qd4 Qf6 21.
Bg2 Kf7 22. f4 Ke7 23. Qb2 b6 1/2-1/2

[Event "4NCL Division 2a"]
[Site "Telford, ENG"]
[Date "2019.03.16"]
[Round "7.21"]
[White "Rocco, Federico"]
[Black "Baker, Chris W"]
[Result "1-0"]
[WhiteElo "2282"]
[BlackElo "2274"]
[PlyCount "71"]
[EventDate "2019.03.16"]
[WhiteTeam "Barnet Knights 1"]
[BlackTeam "The ADs"]

1. e4 e5 2. Nf3 Nf6 3. Nxe5 d6 4. Nf3 Nxe4 5. d4 d5 6. Bd3 Be7 7. O-O O-O 8. c4
c6 9. Nc3 Nxc3 10. bxc3 dxc4 11. Bxc4 Bf5 12. Ne5 Nd7 13. Nxf7 Rxf7 14. Bxf7+
Kxf7 15. Qf3 Kg6 16. g4 Bc2 17. Qe2 Ba4 18. Re1 Bh4 19. Qd3+ Kf7 20. Qc4+ Kf8
21. Qxa4 Bxf2+ 22. Kxf2 Qh4+ 23. Ke2 Qxg4+ 24. Kd2 Qf4+ 25. Kc2 Qf5+ 26. Kb3 b5
27. Qa3+ b4 28. Qa6 Nf6 29. Qxc6 Rc8 30. Qd6+ Kf7 31. Qd7+ Kg6 32. Rg1+ Ng4 33.
Qd6+ Kh5 34. h3 Rxc3+ 35. Kxb4 Rxh3 36. Qc5 1-0

[Event "4NCL Division 2a"]
[Site "Telford, ENG"]
[Date "2019.03.16"]
[Round "7.22"]
[White "Wheeler, Darren P"]
[Black "Villiers, Thomas"]
[Result "1/2-1/2"]
[WhiteElo "2260"]
[BlackElo "2245"]
[PlyCount "47"]
[EventDate "2019.03.16"]
[WhiteTeam "The ADs"]
[BlackTeam "Barnet Knights 1"]

1. e4 Nf6 2. e5 Nd5 3. d4 d6 4. Nf3 dxe5 5. Nxe5 c6 6. Bc4 Be6 7. Qe2 Nd7 8.
O-O Nxe5 9. dxe5 g6 10. Rd1 Qc7 11. Bxd5 Bxd5 12. Bf4 Bg7 13. Nd2 O-O 14. c4
Be6 15. h3 Rfd8 16. Nf3 Rxd1+ 17. Rxd1 Rd8 18. b3 c5 19. Ng5 Rxd1+ 20. Qxd1
Bxe5 21. Bxe5 Qxe5 22. Qd8+ Kg7 23. Qxe7 b6 24. Nxe6+ 1/2-1/2

[Event "4NCL Division 2a"]
[Site "Telford, ENG"]
[Date "2019.03.16"]
[Round "7.23"]
[White "Pollack, Oscar"]
[Black "Richardson, John R"]
[Result "0-1"]
[WhiteElo "2222"]
[BlackElo "2320"]
[PlyCount "96"]
[EventDate "2019.03.16"]
[WhiteTeam "Barnet Knights 1"]
[BlackTeam "The ADs"]

1. d4 Nf6 2. c4 e6 3. g3 Bb4+ 4. Nd2 d5 5. Bg2 O-O 6. Qc2 Nc6 7. Ngf3 dxc4 8.
Qxc4 Qd5 9. O-O Re8 10. Qd3 Qh5 11. Ne4 Nxe4 12. Qxe4 Bd6 13. Rd1 e5 14. Be3 f5
15. Qc2 e4 16. Qb3+ Kh8 17. Ng5 Nd8 18. Nh3 Qxe2 19. Nf4 Qa6 20. Bf1 Qb6 21.
Qa4 Rf8 22. d5 Qxb2 23. Nh5 Qb4 24. Qc2 Bd7 25. a4 Be8 26. a5 Be7 27. d6 Bxh5
28. Ra4 Qxa5 29. Rxa5 Bxd6 30. Qb2 Nc6 31. Qxb7 Ne5 32. Bg2 a6 33. Qd5 Be2 34.
Qa2 Bc4 35. Qd2 Rab8 36. Bd4 Rb5 37. Bc3 Rfb8 38. h3 h6 39. Raa1 Kh7 40. g4 Rd5
41. Qc1 Rxd1+ 42. Qxd1 Bd3 43. f4 Ng6 44. Kf2 Nxf4 45. Bd4 Ne2 46. gxf5 Bg3+
47. Ke3 Bf4+ 48. Kf2 Nxd4 0-1

[Event "4NCL Division 2a"]
[Site "Telford, ENG"]
[Date "2019.03.16"]
[Round "7.24"]
[White "Snape, Ian L"]
[Black "Smith, Andrew Philip"]
[Result "1-0"]
[WhiteElo "2170"]
[BlackElo "2207"]
[PlyCount "39"]
[EventDate "2019.03.16"]
[WhiteTeam "The ADs"]
[BlackTeam "Barnet Knights 1"]

1. c4 c5 2. Nf3 Nf6 3. Nc3 d5 4. cxd5 Nxd5 5. e4 Nb4 6. Bb5+ N8c6 7. d4 cxd4 8.
a3 dxc3 9. Qxd8+ Kxd8 10. axb4 Nxb4 11. O-O c2 12. Ng5 Kc7 13. Nxf7 Rg8 14. Ra3
Kb6 15. Ba4 e6 16. Rc3 Ka5 17. Bb3 Bd7 18. Be3 Na6 19. Bxc2 Bc6 20. Ra1+ 1-0

[Event "4NCL Division 2a"]
[Site "Telford, ENG"]
[Date "2019.03.16"]
[Round "7.25"]
[White "Ethelontis, Alexandros N"]
[Black "Duggan, John E"]
[Result "1-0"]
[WhiteElo "2185"]
[BlackElo "2222"]
[PlyCount "103"]
[EventDate "2019.03.16"]
[WhiteTeam "Barnet Knights 1"]
[BlackTeam "The ADs"]

1. c4 Nf6 2. g3 g6 3. Bg2 Bg7 4. Nc3 O-O 5. d3 d6 6. Bg5 h6 7. Bd2 e5 8. e4 c6
9. Nge2 Be6 10. O-O Na6 11. h3 Qd7 12. Kh2 d5 13. exd5 cxd5 14. d4 exd4 15.
Nxd4 dxc4 16. Nxe6 Qxe6 17. Re1 Qf5 18. Be3 Nc5 19. Qf3 Qxf3 20. Bxf3 Nd3 21.
Re2 Nd7 22. Rb1 N7c5 23. Bd5 Rac8 24. Bxc4 Nxb2 25. Rexb2 Bxc3 26. Rc2 Ne4 27.
Bd5 Nd6 28. Rbc1 Bg7 29. Rxc8 Rxc8 30. Rxc8+ Nxc8 31. Bxb7 Nb6 32. Bc6 g5 33.
Kg2 Bc3 34. Kf3 Kg7 35. Ke4 Kf6 36. Kd3 Bb4 37. f4 Be1 38. g4 Bg3 39. f5 Ke7
40. Bd4 f6 41. Ke4 Bb8 42. a4 Bc7 43. Bb5 Bd8 44. Bc5+ Kf7 45. a5 Nc8 46. Bd7
Be7 47. Kd5 Bxc5 48. Kxc5 Ne7 49. a6 Kf8 50. Kd6 Kf7 51. Be6+ Ke8 52. Kc7 1-0

[Event "4NCL Division 2a"]
[Site "Telford, ENG"]
[Date "2019.03.16"]
[Round "7.26"]
[White "Ahluwalia, Amardip"]
[Black "Willmoth, Robert F"]
[Result "1-0"]
[WhiteElo "2132"]
[BlackElo "2192"]
[PlyCount "111"]
[EventDate "2019.03.16"]
[WhiteTeam "The ADs"]
[BlackTeam "Barnet Knights 1"]

1. c4 d6 2. g3 e5 3. Bg2 Be7 4. Nc3 f5 5. d4 exd4 6. Qxd4 Nc6 7. Qd1 Nf6 8. Nd5
O-O 9. Nf3 Ne5 10. b3 Nxd5 11. cxd5 Nxf3+ 12. Bxf3 Bf6 13. Rb1 f4 14. O-O Bf5
15. Bxf4 Bxb1 16. Qxb1 Bg5 17. Bxg5 Qxg5 18. Rc1 Rac8 19. Rc4 c5 20. dxc6 bxc6
21. Rxc6 Rxc6 22. Bxc6 Rc8 23. Qc2 Kh8 24. b4 Qb5 25. Qxh7+ Kxh7 26. Bxb5 Kh6
27. Bd3 Kg5 28. Kg2 Kf6 29. a4 Rc3 30. a5 Ra3 31. a6 Rb3 32. b5 g5 33. g4 Rb4
34. Kg3 Ra4 35. h4 gxh4+ 36. Kxh4 d5 37. Kh5 Rb4 38. f3 Ra4 39. Kh6 Rb4 40. g5+
Kf7 41. g6+ Kf6 42. Kh5 Ra4 43. g7 Kxg7 44. Kg5 Kf7 45. Kf5 Ke7 46. Ke5 d4 47.
f4 Rb4 48. Kd5 Kd7 49. f5 Ra4 50. f6 Rb4 51. f7 Ke7 52. Kc5 Rb2 53. Kc6 Kxf7
54. Kb7 Ke7 55. Kxa7 Kd7 56. Kb7 1-0

[Event "4NCL Division 2a"]
[Site "Telford, ENG"]
[Date "2019.03.16"]
[Round "7.27"]
[White "Orgler, Philipp"]
[Black "Hylands, Liam M"]
[Result "1-0"]
[WhiteElo "2057"]
[BlackElo "2080"]
[PlyCount "151"]
[EventDate "2019.03.16"]
[WhiteTeam "Barnet Knights 1"]
[BlackTeam "The ADs"]

1. d4 Nf6 2. Nc3 d5 3. Bg5 Bf5 4. e3 Bg6 5. Qd2 Nbd7 6. O-O-O c6 7. e4 h6 8.
Bxf6 Nxf6 9. e5 Ng8 10. e6 Qd6 11. Re1 O-O-O 12. Nh3 fxe6 13. Nf4 Bf7 14. Nd3
g5 15. Ne5 Be8 16. g3 Bg7 17. Bh3 h5 18. Kb1 Kb8 19. Re2 Bf6 20. Rhe1 Nh6 21.
Qd3 Nf5 22. Bxf5 exf5 23. Qxf5 Rg8 24. a3 Bd7 25. Qd3 Rdf8 26. Na4 b6 27. Nc3
Qc7 28. Ng6 Rf7 29. Nxe7 Re8 30. Ng6 Rxe2 31. Rxe2 Bg7 32. Ne5 Rf8 33. Qg6 Bf6
34. Qxh5 Bf5 35. f4 Rh8 36. Qf3 Bxe5 37. fxe5 Qd7 38. Qe3 Qe7 39. e6 Kb7 40.
Qe5 Rf8 41. Rf2 Bg6 42. Rxf8 Qxf8 43. Qe2 Qe7 44. h4 gxh4 45. gxh4 Bf5 46. h5
Qxe6 47. Qxe6 Bxe6 48. Kc1 Kc7 49. Kd2 Kd6 50. Ne2 Bf5 51. c3 Ke7 52. Ke3 Kf6
53. Kf4 Bd3 54. Ng1 c5 55. Nf3 Be2 56. Ke3 Bd1 57. Kf4 Be2 58. h6 Kg6 59. Nd2
Kxh6 60. Ke5 cxd4 61. cxd4 Kg5 62. Kxd5 Kf5 63. Kc6 Ke6 64. d5+ Ke7 65. d6+ Kd8
66. b4 b5 67. Nb3 Bf3+ 68. Kxb5 Kd7 69. Kc5 Be2 70. Nd4 Bf1 71. Nb5 a6 72. Nd4
Bd3 73. Nf3 Be2 74. Ne5+ Ke6 75. d7 Ke7 76. Kc6 1-0

[Event "4NCL Division 2a"]
[Site "Telford, ENG"]
[Date "2019.03.16"]
[Round "7.28"]
[White "Bellin, Jana M"]
[Black "Iyengar, Ilya"]
[Result "1-0"]
[WhiteElo "2020"]
[BlackElo "1979"]
[PlyCount "87"]
[EventDate "2019.03.16"]
[WhiteTeam "The ADs"]
[BlackTeam "Barnet Knights 1"]

1. d4 Nf6 2. Nf3 g6 3. c4 Bg7 4. Nc3 O-O 5. Bg5 h6 6. Bh4 d6 7. e3 Nc6 8. d5
Nb8 9. Qc2 e5 10. dxe6 Bxe6 11. Nd4 Bd7 12. Be2 Nc6 13. O-O Re8 14. Bf3 Nxd4
15. exd4 c6 16. d5 c5 17. Bg3 Bf5 18. Qb3 Qd7 19. Nb5 Bf8 20. Rfe1 a6 21. Nc3
Rab8 22. a4 b6 23. h3 Nh7 24. Rxe8 Qxe8 25. Qd1 h5 26. Qd2 Qd8 27. Be4 Bd7 28.
Re1 h4 29. Bf4 f5 30. Bd3 g5 31. Bh2 Qf6 32. Kh1 Bh6 33. Qc2 Nf8 34. Qd1 Re8
35. Rxe8 Bxe8 36. Qe2 Bf7 37. Qf3 Bg6 38. Ne4 Qxb2 39. Nxd6 Qa1+ 40. Bg1 Qxa4
41. Bxf5 Bxf5 42. Nxf5 Bg7 43. Ne7+ Kh8 44. Qf7 1-0

[Event "4NCL Division 2a"]
[Site "Telford, ENG"]
[Date "2019.03.16"]
[Round "7.31"]
[White "Harakis, Alexis M"]
[Black "Lewis, Andrew P"]
[Result "0-1"]
[WhiteElo "2304"]
[BlackElo "2320"]
[PlyCount "77"]
[EventDate "2019.03.16"]
[WhiteTeam "KJCA Kings"]
[BlackTeam "Anglian Avengers"]

1. d4 Nf6 2. c4 g6 3. Nc3 Bg7 4. e4 d6 5. Nge2 O-O 6. Ng3 e5 7. d5 Na6 8. Be2
c6 9. O-O Bd7 10. dxc6 Bxc6 11. Re1 Nc5 12. f3 Qb6 13. Kh1 Ne6 14. Rb1 h5 15.
Bf1 h4 16. Be3 Qd8 17. Nge2 Nh5 18. b4 b6 19. Qd2 Qf6 20. Qxd6 Rac8 21. b5 Ba8
22. Nd5 Bxd5 23. cxd5 Rfd8 24. Qa3 Ng5 25. Bf2 h3 26. g4 Nxf3 27. gxh5 Nxe1 28.
Qg3 Nf3 29. hxg6 Nd2 30. gxf7+ Kf8 31. Bxh3 Nxb1 32. Be1 Kxf7 33. Be6+ Ke7 34.
Qh3 Rh8 35. Bb4+ Rc5 36. Qe3 Qf1+ 37. Ng1 Kd6 38. Bxc5+ bxc5 39. Qf3 0-1

[Event "4NCL Division 2a"]
[Site "Telford, ENG"]
[Date "2019.03.16"]
[Round "7.32"]
[White "Talsma, Paul"]
[Black "Hand, Freddie"]
[Result "1-0"]
[WhiteElo "2177"]
[BlackElo "2159"]
[PlyCount "63"]
[EventDate "2019.03.16"]
[WhiteTeam "Anglian Avengers"]
[BlackTeam "KJCA Kings"]

1. d4 d5 2. c4 dxc4 3. e3 Nf6 4. Bxc4 e6 5. Nf3 a6 6. O-O b5 7. Bd3 Bb7 8. a4
b4 9. Nbd2 c5 10. e4 cxd4 11. e5 Nfd7 12. Nc4 Nc6 13. Bg5 Qc7 14. Rc1 Bc5 15.
Qe2 O-O 16. Rfe1 Rae8 17. Qe4 f5 18. Qh4 h6 19. Bf4 Be7 20. Qh5 Nc5 21. Bb1 Nb3
22. Rcd1 Nd8 23. Nd6 Bxd6 24. exd6 Qf7 25. Qxf7+ Nxf7 26. Nxd4 Nc5 27. d7 Rd8
28. Nxe6 Nxe6 29. Rxe6 Bc8 30. Re7 Bb7 31. Bc7 Ra8 32. Ba2 1-0

[Event "4NCL Division 2a"]
[Site "Telford, ENG"]
[Date "2019.03.16"]
[Round "7.33"]
[White "Golding, James"]
[Black "Walker, Martin G"]
[Result "1/2-1/2"]
[WhiteElo "2152"]
[BlackElo "2156"]
[PlyCount "166"]
[EventDate "2019.03.16"]
[WhiteTeam "KJCA Kings"]
[BlackTeam "Anglian Avengers"]

1. d4 Nf6 2. c4 g6 3. Nc3 d5 4. Bg5 Ne4 5. Bh4 Nxc3 6. bxc3 dxc4 7. e3 Bg7 8.
Bxc4 O-O 9. Nf3 c5 10. O-O Nc6 11. Rb1 Na5 12. Bd3 Be6 13. Qa4 b6 14. Be4 Rc8
15. Rfd1 Qc7 16. Bg3 Qd7 17. Qc2 cxd4 18. Nxd4 Bd5 19. Nb5 e6 20. Bxd5 exd5 21.
e4 a6 22. Rxd5 Qc6 23. Nd6 Qxc3 24. Qxc3 Rxc3 25. h3 Nc4 26. Nxc4 Rxc4 27. Rxb6
Ra4 28. Rd2 Re8 29. e5 Bxe5 30. Re2 f6 31. Rxf6 Bxf6 32. Rxe8+ Kf7 33. Re2 Rc4
34. Bd6 a5 35. g3 a4 36. Kg2 Rc6 37. Bb4 Rc4 38. a3 Rd4 39. Rc2 Rd7 40. Rc5 Bd4
41. Rc4 Bf6 42. Ba5 Ra7 43. Bb4 Ke6 44. Rc6+ Kf7 45. Bc5 Ra5 46. Rc7+ Kg8 47.
Bb4 Ra6 48. Rd7 Bb2 49. f3 Rc6 50. Rd2 Bc1 51. Re2 g5 52. Kf2 Kf7 53. Ke1 Rf6
54. Kd1 Bxa3 55. Bxa3 Rxf3 56. Bd6 h5 57. Ke1 Rb3 58. h4 gxh4 59. gxh4 Rh3 60.
Rh2 Rd3 61. Bf4 Ke6 62. Bg5 a3 63. Rf2 Rh3 64. Kf1 Kd5 65. Kg2 Rb3 66. Bc1 Rc3
67. Bg5 Rb3 68. Bf6 Ke4 69. Ba1 Rd3 70. Bf6 Rb3 71. Kh2 Rd3 72. Rg2 Kf5 73. Bg7
Kf4 74. Bh6+ Kf5 75. Rf2+ Kg6 76. Bg5 Rb3 77. Rf6+ Kg7 78. Ra6 Kf7 79. Kg2 Rc3
80. Kf2 Rh3 81. Kg2 Rc3 82. Kf1 Rh3 83. Kg2 Rc3 1/2-1/2

[Event "4NCL Division 2a"]
[Site "Telford, ENG"]
[Date "2019.03.16"]
[Round "7.34"]
[White "Tozer, Philip A A"]
[Black "Bansal, Rohan"]
[Result "1/2-1/2"]
[WhiteElo "2123"]
[BlackElo "2036"]
[PlyCount "62"]
[EventDate "2019.03.16"]
[WhiteTeam "Anglian Avengers"]
[BlackTeam "KJCA Kings"]

1. c4 e5 2. g3 Nc6 3. Nc3 f5 4. Nf3 Nf6 5. d4 e4 6. Nh4 g6 7. Bg5 Bg7 8. Qd2
Ne7 9. Bh6 O-O 10. Bxg7 Kxg7 11. Ng2 d5 12. cxd5 Nexd5 13. e3 Qe7 14. Be2 Be6
15. Nf4 Nxf4 16. gxf4 Rfd8 17. Qc2 Rac8 18. O-O c5 19. dxc5 Qxc5 20. Qa4 Rd2
21. Rab1 Nd5 22. Nxd5 Qxd5 23. Rfd1 Rxd1+ 24. Rxd1 Qc5 25. Kg2 Qc2 26. Qd4+ Kg8
27. Rd2 Qc1 28. Qf6 Qxd2 29. Qxe6+ Kg7 30. Qxc8 Qxe2 31. Qxb7+ Kh6 1/2-1/2